000 00502nam a2200181Ia 4500
005 20250714151531.0
008 008 250516s9999 xx 000 0 eng d
020 _a9781682853351
040 _beng
_cSDCL
041 _aeng
_2eng
084 _aD651:911 Q7
245 0 _aSignal processing :
_bTheory and implementation
260 _aForest :
_bHills Willford Press,
_c2017.
300 _avi, 225p.
650 _aElectronic Science
700 _aPilato, George Ed.
_9809524
942 _cTEXL
_2CC
999 _c1429431
_d1429431